Методика расчета течений рабочих тел в газодинамических трактах ПВРД; Перспективы развития фундаментальных наук; Т. 1 : Физика

書誌詳細
Parent link:Перспективы развития фундаментальных наук=Prospects of Fundamental Sciences Development: сборник научных трудов XIV Международной конференции студентов, аспирантов и молодых ученых, г. Томск, 25-28 апреля 2017 г./ Национальный исследовательский Томский политехнический университет (ТПУ) ; под ред. И. А. Курзиной, Г. А. Вороновой.— , 2017
Т. 1 : Физика.— 2017.— [С. 174-176]
第一著者: Костюшин К. В.
その他の著者: Кагенов А. М. (научный руководитель), Шувариков В. А., Еремин И. В.
要約:Заглавие с экрана
In the present study calculations algorithm of gas flow of ramjet engine are shown. The algorithm is based on the solution of two-dimensional gas dynamics equations. Calculations are done for ramjet model which consists of air intake, combustion chamber, nozzle and supersonic jet. The results in agreement with known solutions for cold blowing of ramjet gas-dynamic paths.
言語:ロシア語
出版事項: 2017
主題:
オンライン・アクセス:http://earchive.tpu.ru/handle/11683/44158
フォーマット: MixedMaterials 電子媒体 図書の章
KOHA link:https://koha.lib.tpu.ru/cgi-bin/koha/opac-detail.pl?biblionumber=624373

MARC

LEADER 00000naa2a2200000 4500
001 624373
005 20231101133317.0
035 |a (RuTPU)RU\TPU\conf\23633 
035 |a RU\TPU\conf\23632 
090 |a 624373 
100 |a 20171121d2017 k y0rusy50 ca 
101 0 |a rus  |d eng 
102 |a RU 
105 |a y z 100zy 
135 |a drcn ---uucaa 
181 0 |a i  
182 0 |a b 
200 1 |a Методика расчета течений рабочих тел в газодинамических трактах ПВРД  |d Calculation method of gas flow of a ramjet engine  |f К. В. Костюшин, А. М. Кагенов, В. А. Шувариков  |g науч. рук. И. В. Еремин 
203 |a Текст  |c электронный 
230 |a 1 компьютерный файл (pdf; 2070 Kb) 
300 |a Заглавие с экрана 
320 |a [Библиогр.: с. 176 (5 назв.)] 
330 |a In the present study calculations algorithm of gas flow of ramjet engine are shown. The algorithm is based on the solution of two-dimensional gas dynamics equations. Calculations are done for ramjet model which consists of air intake, combustion chamber, nozzle and supersonic jet. The results in agreement with known solutions for cold blowing of ramjet gas-dynamic paths. 
461 1 |0 (RuTPU)RU\TPU\conf\21388  |t Перспективы развития фундаментальных наук  |l Prospects of Fundamental Sciences Development  |o сборник научных трудов XIV Международной конференции студентов, аспирантов и молодых ученых, г. Томск, 25-28 апреля 2017 г.  |o в 7 т.  |f Национальный исследовательский Томский политехнический университет (ТПУ) ; под ред. И. А. Курзиной, Г. А. Вороновой  |d 2017 
463 1 |0 (RuTPU)RU\TPU\conf\21389  |t Т. 1 : Физика  |v [С. 174-176]  |d 2017 
510 1 |a Calculation method of gas flow of a ramjet engine  |z eng 
610 1 |a электронный ресурс 
610 1 |a двигательные установки 
610 1 |a компоновки 
610 1 |a воздушно-реактивные двигатели 
610 1 |a воздухозаборники 
610 1 |a программные комплексы 
700 1 |a Костюшин  |b К. В. 
701 1 |a Кагенов  |b А. М. 
701 1 |a Шувариков  |b В. А. 
702 1 |a Еремин  |b И. В.  |4 727 
801 2 |a RU  |b 63413507  |c 20171204  |g RCR 
856 4 |u http://earchive.tpu.ru/handle/11683/44158 
942 |c BK